Norte ou Sul? Capitais do Brasil - Statistics

Estatísticas Gerais
  • Esse quiz foi jogado 63 vezes
    39 desde o último reset
  • A pontuação média é 16 de 27
Estatísticas das Respostas
Questão Resposta % Correto
Fortaleza, CE Norte
100%
Manaus, AM Norte
96%
Salvador, BA Norte
96%
Maceió, AL Norte
89%
São Luís, MA Norte
89%
Belém, PA Norte
86%
Teresina, PI Norte
86%
Boa Vista, RR Norte
86%
Rio de Janeiro, RJ Sul
86%
João Pessoa, PB Norte
82%
Recife, PE Norte
82%
Natal, RN Norte
82%
Vitória, ES Sul
82%
Porto Velho, RO Norte
79%
Curitiba, PR Sul
79%
São Paulo, SP Sul
79%
Belo Horizonte, MG Sul
75%
Goiânia, GO Sul
57%
Brasília, DF Sul
54%
Cuiabá, MT Sul
25%
Campo Grande, MS Norte
21%
Aracaju, SE Sul
14%
Rio Branco, AC Sul
11%
Porto Alegre, RS Norte
4%
Florianópolis, SC Norte
4%
Macapá, AP Sul
0%
Palmas, TO Sul
0%
Nenhum quiz correspondente encontrado
Distribuição das Pontuações
Porcentagem de Pessoas com Cada Pontuação
Percentil de Números Respondidos
Sua Pontuação Histórica
Você não jogou esse quiz desde o último reset